Vẽ kỹ thuật cơ khí

Gorde:
Xehetasun bibliografikoak
Egile nagusia: Trần, Hữu Quế
Formatua: Liburua
Hizkuntza:Undetermined
Argitaratua: Hà Nội Giáo dục 2006
Gaiak:
Etiketak: Etiketa erantsi
Etiketarik gabe, Izan zaitez lehena erregistro honi etiketa jartzen!
Thư viện lưu trữ: Trung tâm Học liệu Trường Đại học Cần Thơ
LEADER 00658nam a2200217Ia 4500
001 CTU_100947
008 210402s9999 xx 000 0 und d
020 |c 18200 
082 |a 604.2 
082 |b Qu250/T.1 
100 |a Trần, Hữu Quế 
245 0 |a Vẽ kỹ thuật cơ khí 
245 0 |c Trần Hữu Quế 
260 |a Hà Nội 
260 |b Giáo dục 
260 |c 2006 
526 |a Hình họa và Vẽ kỹ thuật - CNTP,Hình họa và Vẽ kỹ thuật - CNTP 
526 |b NN155,SP426 
650 |a Mechanical drawing 
904 |i Bằng 
980 |a Trung tâm Học liệu Trường Đại học Cần Thơ